Электроэнергия: от получения и распределения до эффективного использования: материалы Всероссийской научно-технической конференции, 12-14 мая 2008 г., Томск

Sonraí bibleagrafaíochta
Údair chorparáideacha: Томский политехнический университет, Электроэнергия: от получения и распределения до эффективного использования Всероссийская научно-техническая конференция
Achoimre:Настоящий сборник содержит материалы Всероссийской научно-технической конференции "Электроэнергия: от получения и распределения до эффективного использования". Работа разделена на три секции: "стратегия технического, информационного и образовательного обеспечения эффективного развития электроэнергетики", "генерирование, передача и распределение электрической энергии для обеспечения надежного и эффективного функционирования потребителя в условиях оптового рынка", "повышение энергоэффективности процессов преобразования электроэнергии потребителями". Для студентов электроэнергетических специальностей. А также для широкого круга специалистов, занимающихся эксплуатацией электрических станций и электро-энергетических систем.
Teanga:Rúisis
Foilsithe / Cruthaithe: Томск, Изд-во ТПУ, 2008
Ábhair:
Formáid: MixedMaterials LEABHAR
KOHA link:https://koha.lib.tpu.ru/cgi-bin/koha/opac-detail.pl?biblionumber=142009

MARC

LEADER 00000nam0a2200000 4500
001 142009
005 20231031142614.0
010 |a 5982982083 
035 |a (RuTPU)RU\TPU\book\153908 
035 |a RU\TPU\book\111464 
090 |a 142009 
100 |a 20061016d2008 k y0rusy50 ca 
101 0 |a rus 
102 |a RU 
105 |a a z 101zy 
200 1 |a Электроэнергия: от получения и распределения до эффективного использования  |e материалы Всероссийской научно-технической конференции, 12-14 мая 2008 г., Томск  |f Томский политехнический университет 
210 |a Томск  |c Изд-во ТПУ  |d 2008 
215 |a 276 с.  |c ил. 
320 |a Библиография в конце докладов. 
330 |a Настоящий сборник содержит материалы Всероссийской научно-технической конференции "Электроэнергия: от получения и распределения до эффективного использования". Работа разделена на три секции: "стратегия технического, информационного и образовательного обеспечения эффективного развития электроэнергетики", "генерирование, передача и распределение электрической энергии для обеспечения надежного и эффективного функционирования потребителя в условиях оптового рынка", "повышение энергоэффективности процессов преобразования электроэнергии потребителями". Для студентов электроэнергетических специальностей. А также для широкого круга специалистов, занимающихся эксплуатацией электрических станций и электро-энергетических систем. 
610 1 |a электроэнергетика 
610 1 |a электрическая энергия 
610 1 |a генерирование 
610 1 |a передача 
610 1 |a распределение 
610 1 |a потребление 
610 1 |a преобразование 
610 1 |a электроснабжение 
610 1 |a эффективность 
610 1 |a оптовые рынки 
610 1 |a надежность 
610 1 |a конференции 
675 |a 621.31.031(063)  |v 3 
712 0 2 |a Томский политехнический университет  |z 1991-  |2 stltpush  |3 (RuTPU)RU\TPU\col\376 
712 1 2 |a Электроэнергия: от получения и распределения до эффективного использования  |b Всероссийская научно-техническая конференция  |e Томск  |f 2008 
801 1 |a RU  |b 63413507  |c 20080829  |g PSBO 
801 2 |a RU  |b 63413507  |c 20081217  |g PSBO 
942 |c BK